[Event "41st Pan-American U20"]
[Site "Guatape COL"]
[Date "2016.06.24"]
[Round "8.18"]
[White "Quinonez Garcia, Santiago"]
[Black "Ruiz Agudelo, Santiago"]
[Result "1-0"]
[WhiteElo "2125"]
[BlackElo "1722"]
[EventDate "2016.06.20"]
[PlyCount "97"]

1.e4 c5 2.Nf3 d6 3.d4 cxd4 4.Qxd4 Nc6 5.Bb5 Bd7 6.Bxc6 Bxc6 7.Nc3 Nf6 8.
Bg5 e6 9.O-O-O Be7 10.Qd3 Qa5 11.h4 h6 12.Bd2 Qa6 13.Qxa6 bxa6 14.Rhe1 O-O
15.Nd4 Bb7 16.f3 d5 17.e5 Nd7 18.h5 Nb6 19.g4 Nc4 20.f4 Rab8 21.Nb1 Bh4 
22.Re2 Nxd2 23.Nxd2 Be7 24.Rg1 Rfe8 25.N2b3 Bd8 26.g5 Kh8 27.g6 fxg6 28.
Rxg6 Bc8 29.Reg2 Rb7 30.Nc5 Rbe7 31.Nc6 Rc7 32.Nxd8 Rxd8 33.Nxe6 Bxe6 34.
Rxe6 Rf7 35.Rf2 Rdf8 36.Rxa6 Rxf4 37.Rxf4 Rxf4 38.Rxa7 Re4 39.Re7 Kg8 40.
e6 Kf8 41.Rf7+ Kg8 42.Rd7 Re5 43.Rd8+ Kh7 44.e7 Rxe7 45.Rxd5 g6 46.hxg6+ 
Kxg6 47.Rd8 h5 48.Rh8 Rh7 49.Rxh7 1-0

[Event "41st Pan-American U20"]
[Site "Guatape COL"]
[Date "2016.06.24"]
[Round "8.19"]
[White "Gonzalez Lopez, Nicolas Mateo"]
[Black "Olarte Parra, Jhoan Sebastian"]
[Result "1-0"]
[WhiteElo "2100"]
[BlackElo "2001"]
[EventDate "2016.06.20"]
[PlyCount "73"]

1.e4 e5 2.Nf3 Nf6 3.Nxe5 d6 4.Nf3 Nxe4 5.Nc3 d5 6.Qe2 Be7 7.Nxe4 dxe4 8.
Qxe4 O-O 9.Bd3 g6 10.O-O Nc6 11.Qa4 Nb4 12.Ne1 c6 13.a3 b5 14.Qb3 Na6 15.
Be4 Nc5 16.Qf3 Nxe4 17.Qxe4 Qc7 18.d3 f5 19.Qf4 Bd6 20.Qh4 f4 21.Nf3 Be7 
22.Ng5 h5 23.g3 fxg3 24.Qxg3 Bd6 25.f4 Bf5 26.Be3 Rae8 27.Rae1 Qg7 28.b3 
Qc3 29.Ne4 Rxe4 30.dxe4 Bxe4 31.Re2 Bf5 32.Bxa7 Qa5 33.Qe3 Qxa3 34.Bd4 c5 
35.Be5 Re8 36.Qd2 Bxe5 37.fxe5 1-0

[Event "41st Pan-American U20"]
[Site "Guatape COL"]
[Date "2016.06.24"]
[Round "8.20"]
[White "Rosero, Jefferson"]
[Black "Castano Orrego, Simon"]
[Result "1-0"]
[WhiteElo "2090"]
[BlackElo "1687"]
[EventDate "2016.06.20"]
[PlyCount "51"]

1.e4 c5 2.Nf3 d6 3.d4 cxd4 4.Nxd4 Nf6 5.Nc3 a6 6.h3 e5 7.Nde2 Be6 8.g4 h6 
9.Bg2 Be7 10.f4 exf4 11.Nxf4 Nc6 12.Be3 Ne5 13.Qd4 Rc8 14.O-O Nc4 15.Bf2 
Qc7 16.Rae1 O-O 17.Nd3 Nxb2 18.Nd5 Bxd5 19.exd5 Nc4 20.Bh4 Qd8 21.g5 hxg5 
22.Bxg5 Re8 23.Qh4 Nxd5 24.Bxd5 Bxg5 25.Bxf7+ Kf8 26.Qh8# 1-0

[Event "41st Pan-American U20"]
[Site "Guatape COL"]
[Date "2016.06.24"]
[Round "8.21"]
[White "Yepez, Yeison Alexander"]
[Black "Salcedo, Pablo Esteban"]
[Result "0-1"]
[WhiteElo "1968"]
[BlackElo "2035"]
[EventDate "2016.06.20"]
[PlyCount "68"]

1.d4 d5 2.c4 e6 3.Nc3 Be7 4.Nf3 Nf6 5.Bg5 h6 6.Bh4 O-O 7.e3 b6 8.Bd3 Bb7 
9.O-O c5 10.cxd5 exd5 11.dxc5 bxc5 12.Rc1 Nbd7 13.Qe2 Qa5 14.a3 Rfd8 15.
Rfd1 Nf8 16.Rd2 Ne6 17.Ne5 c4 18.Bc2 Qc7 19.Nf3 a6 20.Bb1 Nc5 21.Nd4 Bc8 
22.Bg3 Bd6 23.Rdd1 Bxg3 24.hxg3 Rb8 25.Rd2 Be6 26.Kh1 Rb6 27.Kg1 Rdb8 28.
Kh2 Qb7 29.b4 cxb3 30.Nxd5 Qxd5 31.Nxe6 Qxe6 32.Rxc5 Ne4 33.Bxe4 Qxe4 34.
Rb2 Qa4 0-1

[Event "41st Pan-American U20"]
[Site "Guatape COL"]
[Date "2016.06.24"]
[Round "8.22"]
[White "Gomez Morales, Juan Sebastian"]
[Black "Bejar Caceres, Brayan"]
[Result "0-1"]
[WhiteElo "1729"]
[BlackElo "1957"]
[EventDate "2016.06.20"]
[PlyCount "74"]

1.d4 d6 2.c4 f5 3.Nf3 Nf6 4.Nc3 g6 5.b3 Bg7 6.Bb2 O-O 7.e3 Nc6 8.d5 Ne5 9.
Nd4 Nfg4 10.Be2 Nf6 11.O-O c5 12.Nf3 Nfg4 13.Nd2 f4 14.exf4 Rxf4 15.h3 Nh6
16.Nf3 Nxf3+ 17.Bxf3 Qf8 18.Be2 Bd4 19.Qe1 Qf6 20.Bd3 Bf5 21.Bxf5 Qxf5 22.
Nd1 Bxb2 23.Nxb2 Rf8 24.Nd1 Qf6 25.Ne3 Qe5 26.Qd2 Rxf2 27.Qxf2 Rxf2 28.
Kxf2 Nf7 29.Rae1 Qd4 30.Re2 Ne5 31.Kg3 Qd3 32.Rfe1 h5 33.Kh2 a6 34.Nf1 b5 
35.Re3 Qd4 36.Re4 Qf2 37.R4e2 Nf3+ 0-1

[Event "41st Pan-American U20"]
[Site "Guatape COL"]
[Date "2016.06.24"]
[Round "8.23"]
[White "Calero, Hector Andres"]
[Black "Echeverry, Jose Miguel"]
[Result "1-0"]
[WhiteElo "1845"]
[BlackElo "1807"]
[EventDate "2016.06.20"]
[PlyCount "87"]

1.e4 e5 2.Nf3 Nc6 3.Bb5 a6 4.Ba4 Nf6 5.d3 b5 6.Bb3 Be7 7.c3 O-O 8.O-O d6 
9.Re1 Na5 10.Bc2 c5 11.Nbd2 Qc7 12.Nf1 Re8 13.h3 h6 14.d4 Nc6 15.d5 Nb8 
16.b3 Nbd7 17.Ng3 Nf8 18.Nh4 Nxd5 19.Qxd5 Bb7 20.Qd3 Bxh4 21.Nf5 Be7 22.
Qg3 Ng6 23.h4 h5 24.Bd1 Qd8 25.Bxh5 Bxh4 26.Qg4 Bc8 27.Bxg6 fxg6 28.Qxh4 
gxf5 29.Qxd8 Rxd8 30.Bg5 Rd7 31.exf5 Bb7 32.Rad1 Re8 33.Bf4 Bc6 34.Bh2 Rf8
35.g4 Bf3 36.Rd2 Rfd8 37.g5 Bg4 38.f6 gxf6 39.gxf6 Kf7 40.f4 exf4 41.Re7+ 
Rxe7 42.fxe7 Kxe7 43.Bxf4 Be6 44.Bg5+ 1-0

[Event "41st Pan-American U20"]
[Site "Guatape COL"]
[Date "2016.06.24"]
[Round "8.24"]
[White "Suarez Ohiggins, Luis"]
[Black "Correa, Daniel"]
[Result "1-0"]
[WhiteElo "1936"]
[BlackElo "1716"]
[EventDate "2016.06.20"]
[PlyCount "69"]

1.d4 Nf6 2.c4 g6 3.Nc3 Bg7 4.e4 d6 5.Nf3 O-O 6.Be2 e5 7.O-O exd4 8.Nxd4 
Re8 9.f3 Nbd7 10.Be3 Nb6 11.Qd2 c6 12.Rfd1 d5 13.cxd5 cxd5 14.Ndb5 a6 15.
Na3 Bd7 16.Bg5 dxe4 17.fxe4 Qc7 18.Rac1 Qe5 19.Bf4 Qe6 20.Bf3 Bc6 21.Re1 
Rad8 22.Qf2 Nc4 23.Nxc4 Qxc4 24.Nd5 Qxa2 25.Nxf6+ Bxf6 26.e5 Bxf3 27.Qxf3 
Bg7 28.Qxb7 Rb8 29.Qc6 Qxb2 30.e6 Qb6+ 31.Qxb6 Rxb6 32.exf7+ Kxf7 33.Rc7+ 
Kf8 34.Rxe8+ Kxe8 35.Rxg7 1-0

[Event "41st Pan-American U20"]
[Site "Guatape COL"]
[Date "2016.06.24"]
[Round "8.25"]
[White "Lopez Gonzalez, Carlos Andres"]
[Black "Perez Lujan, Mateo"]
[Result "0-1"]
[WhiteElo "1482"]
[BlackElo "1851"]
[EventDate "2016.06.20"]
[PlyCount "64"]

1.e4 e5 2.Nf3 d5 3.exd5 Qxd5 4.Nc3 Qe6 5.Bb5+ Bd7 6.Bxd7+ Nxd7 7.O-O O-O-O
8.Re1 f5 9.d3 h6 10.Bf4 Bd6 11.Nb5 g5 12.Bd2 a6 13.Nxd6+ Qxd6 14.Bc3 Re8 
15.d4 e4 16.Ne5 Rh7 17.f3 Ngf6 18.Nc4 Qe6 19.b3 Nd5 20.Bb2 e3 21.Ne5 Nxe5 
22.dxe5 f4 23.c4 Nb4 24.a3 Rd7 25.Qb1 Nd3 26.Rd1 Nxe5 27.Bxe5 Rxd1+ 28.
Qxd1 Qxe5 29.Rb1 Rd8 30.Qe1 Qd4 31.Kf1 Qd3+ 32.Qe2 Qxb1+ 0-1

[Event "41st Pan-American U20"]
[Site "Guatape COL"]
[Date "2016.06.24"]
[Round "8.27"]
[White "Norena Marin, Jeronimo"]
[Black "Benjumea Rave, Jaime Stiden"]
[Result "0-1"]
[WhiteElo "1514"]
[BlackElo "1775"]
[EventDate "2016.06.20"]
[PlyCount "20"]

1.e4 c5 2.Nf3 Nc6 3.Bc4 d6 4.c3 g6 5.d4 cxd4 6.cxd4 Bg7 7.Nc3 Nf6 8.O-O 
O-O 9.Be3 Bg4 10.Bd2 Nxd4 0-1

[Event "41st Pan-American U20"]
[Site "Guatape COL"]
[Date "2016.06.25"]
[Round "9.2"]
[White "Cori Quispe, Kevin Joel"]
[Black "Jimenez Garcia, Emmanuel"]
[Result "1-0"]
[WhiteElo "2353"]
[BlackElo "2218"]
[EventDate "2016.06.20"]
[PlyCount "85"]

1.e4 c5 2.Nf3 a6 3.c4 d6 4.d4 cxd4 5.Nxd4 Nf6 6.Nc3 e6 7.Be2 Be7 8.Be3 Qc7
9.O-O b6 10.Qd2 Bb7 11.f3 Nbd7 12.Rfc1 O-O 13.a4 Rac8 14.a5 bxa5 15.Nb3 d5
16.cxd5 Bb4 17.Qd4 Nc5 18.Nxc5 Bxc5 19.Qxc5 Qxc5 20.Bxc5 Rxc5 21.dxe6 fxe6
22.Na4 Rxc1+ 23.Rxc1 Rc8 24.Rxc8+ Bxc8 25.Nb6 Bb7 26.Nc4 a4 27.Kf2 Kf8 28.
Ke3 Ke7 29.Kd4 Nd7 30.Na5 Bc8 31.Bd1 Kd6 32.Nc4+ Kc7 33.Bxa4 Nf8 34.Ne5 
Kd6 35.Bc6 h6 36.Ba8 Bd7 37.Nc4+ Kc7 38.Kc5 Bb5 39.Ne5 Bf1 40.g3 Nh7 41.
Bc6 Nf6 42.Ba4 Bh3 43.Bb3 1-0

[Event "41st Pan-American U20"]
[Site "Guatape COL"]
[Date "2016.06.25"]
[Round "9.3"]
[White "Campos Jimenez, Augusto Cesar"]
[Black "Gomez Sanchez, Jorge Marcos"]
[Result "0-1"]
[WhiteElo "2337"]
[BlackElo "2398"]
[EventDate "2016.06.20"]
[PlyCount "94"]

1.e4 c5 2.Nf3 Nc6 3.d4 cxd4 4.Nxd4 g6 5.Nc3 Bg7 6.Be3 Nf6 7.Bc4 O-O 8.Bb3 
d6 9.h3 Na5 10.O-O b6 11.Bd5 Nxd5 12.exd5 Bb7 13.Qd3 Rc8 14.Rad1 Nc4 15.
Bc1 a6 16.b3 Ne5 17.Qe3 b5 18.a3 Re8 19.f4 Nd7 20.Bb2 Qb6 21.f5 Nf6 22.Qf3
Rf8 23.Kh1 Rc5 24.b4 Rc4 25.Nde2 g5 26.Bc1 h6 27.Be3 Qc7 28.Bd4 e5 29.fxe6
fxe6 30.Bxf6 Rxf6 31.Qe3 Rxc3 32.Nxc3 Qxc3 33.Qxc3 Rxf1+ 34.Rxf1 Bxc3 35.
dxe6 Bd5 36.Rd1 Bxe6 37.Rxd6 Kf7 38.Rxa6 Bd7 39.Rxh6 Bf6 40.h4 gxh4 41.Rh5
Kg6 42.Rc5 Bb2 43.Rc7 Bf5 44.Rc6+ Kg5 45.Rc5 Kg4 46.Rxb5 Be4 47.Kh2 Bc1 
0-1

[Event "41st Pan-American U20"]
[Site "Guatape COL"]
[Date "2016.06.25"]
[Round "9.4"]
[White "Viswanadha, Kesav"]
[Black "Husbands, Orlando"]
[Result "1/2-1/2"]
[WhiteElo "2377"]
[BlackElo "2233"]
[EventDate "2016.06.20"]
[PlyCount "52"]

1.d4 Nf6 2.c4 e6 3.Nc3 Bb4 4.f3 Nc6 5.a3 Bxc3+ 6.bxc3 d6 7.e4 O-O 8.Bd3 
Nd7 9.Nh3 b6 10.O-O Ba6 11.f4 Na5 12.f5 exf5 13.exf5 Bxc4 14.Bxc4 Nxc4 15.
f6 g6 16.Qe1 d5 17.Qh4 Nd6 18.Qh6 Nxf6 19.Ng5 Nde4 20.Rxf6 Nxf6 21.Bf4 Re8
22.Be5 Qe7 23.Bxf6 Qe3+ 24.Kf1 Qe2+ 25.Kg1 Qe3+ 26.Kf1 Qe2+ 1/2-1/2

[Event "41st Pan-American U20"]
[Site "Guatape COL"]
[Date "2016.06.25"]
[Round "9.5"]
[White "Escalante Ramirez, Brian Sebas"]
[Black "Barros Rivadeneira, Cristhian"]
[Result "1-0"]
[WhiteElo "2300"]
[BlackElo "2283"]
[EventDate "2016.06.20"]
[PlyCount "155"]

1.e4 c5 2.Nf3 d6 3.d4 cxd4 4.Nxd4 Nf6 5.Nc3 a6 6.Be3 e5 7.Nf3 Qc7 8.a4 h6 
9.a5 Be6 10.Nd5 Nxd5 11.exd5 Bf5 12.Bb6 Qe7 13.b4 g5 14.Bd3 Bxd3 15.cxd3 
Bg7 16.Rc1 O-O 17.Rc7 Qe8 18.O-O Nd7 19.Nd2 Nxb6 20.axb6 Qb5 21.Nc4 Qxd5 
22.Qf3 Qb5 23.Qxb7 Rab8 24.Qf3 d5 25.Rc5 Qxb4 26.Rxd5 f5 27.Rd7 e4 28.Qe2 
Kh8 29.dxe4 Qb5 30.Rd5 Qc6 31.Rxf5 Rfc8 32.b7 Re8 33.Na5 Qxe4 34.Qxe4 Rxe4
35.Rc5 Ree8 36.Rfc1 Bb2 37.Rb1 Bd4 38.Rc4 Bb6 39.Nc6 Rxb7 40.Kf1 Ba5 41.
Ra1 Bc7 42.g3 Rb2 43.Rb4 Rxb4 44.Nxb4 a5 45.Nd5 Bd8 46.Rb1 Re5 47.Ne3 Kh7 
48.Rb7+ Re7 49.Rb8 Bc7 50.Ra8 Kg6 51.Nd5 Rd7 52.Ra6+ Kg7 53.Nxc7 Rxc7 54.
Rxa5 Rc2 55.Ra6 Rb2 56.Kg2 Rc2 57.h3 Rb2 58.Re6 Ra2 59.Kf3 Rb2 60.Re2 Rb4 
61.Re4 Rb2 62.h4 Kf6 63.Rc4 Kg6 64.Rc6+ Kg7 65.h5 Ra2 66.Rc7+ Kg8 67.Ke3 
Rb2 68.Rd7 Ra2 69.f3 Ra4 70.Rd4 Ra3+ 71.Ke4 Ra5 72.Rd5 Ra3 73.Kf5 Rxf3+ 
74.Kg6 Kf8 75.Rf5+ Rxf5 76.Kxf5 Kg7 77.Ke6 g4 78.Ke7 1-0

[Event "41st Pan-American U20"]
[Site "Guatape COL"]
[Date "2016.06.25"]
[Round "9.6"]
[White "Albornoz Cabrera, Carlos Danie"]
[Black "Oliva Meneses, Juan Carlos"]
[Result "1-0"]
[WhiteElo "2471"]
[BlackElo "2216"]
[EventDate "2016.06.20"]
[PlyCount "51"]

1.Nf3 Nf6 2.c4 g6 3.Nc3 Bg7 4.e4 d6 5.d4 O-O 6.Be2 e5 7.O-O Nc6 8.d5 Ne7 
9.b4 Ne8 10.c5 f5 11.Nd2 Nf6 12.f3 f4 13.Nc4 g5 14.a4 Ng6 15.cxd6 cxd6 16.
Nb5 Ne8 17.Bd2 Rf7 18.Be1 Bf8 19.Bf2 b6 20.a5 Bd7 21.Nxa7 Rxa7 22.Nxb6 Rb7
23.Nxd7 Qxd7 24.Qa4 Nc7 25.a6 Qxa4 26.Rxa4 1-0

[Event "41st Pan-American U20"]
[Site "Guatape COL"]
[Date "2016.06.25"]
[Round "9.7"]
[White "Santiago Vilca, Christian Amil"]
[Black "Acosta, Pablo Ismael"]
[Result "1-0"]
[WhiteElo "2269"]
[BlackElo "2380"]
[EventDate "2016.06.20"]
[PlyCount "57"]

1.d4 Nf6 2.c4 e6 3.Nf3 Bb4+ 4.Nbd2 b6 5.g3 Bb7 6.Bg2 c5 7.dxc5 Bxc5 8.O-O 
O-O 9.b3 a5 10.Bb2 Na6 11.Qb1 d5 12.Ng5 g6 13.e4 Ng4 14.Ngf3 dxc4 15.Nxc4 
f5 16.exf5 Rxf5 17.Qe1 Nxf2 18.Qxe6+ Kf8 19.Rxf2 Bxf3 20.Ne3 Nc7 21.Bg7+ 
Kxg7 22.Nxf5+ gxf5 23.Qe5+ Kg6 24.Bxf3 Bd4 25.Qe1 Bxa1 26.Qxa1 Rc8 27.Qe5 
Qf6 28.Qxf6+ Kxf6 29.Rc2 1-0

[Event "41st Pan-American U20"]
[Site "Guatape COL"]
[Date "2016.06.25"]
[Round "9.8"]
[White "Gracia Alvarez, Gerardo An"]
[Black "Cuellar, Diego"]
[Result "1/2-1/2"]
[WhiteElo "2241"]
[BlackElo "2357"]
[EventDate "2016.06.20"]
[PlyCount "38"]

1.d4 d5 2.c4 c6 3.Nf3 Nf6 4.Qc2 dxc4 5.Qxc4 Be6 6.Qc2 Qa5+ 7.Nc3 Na6 8.Bd2
Nb4 9.Qd1 Bf5 10.Rc1 Nxa2 11.e4 Bg4 12.Na4 Bxf3 13.gxf3 Qd8 14.Ra1 Qxd4 
15.Rxa2 Nxe4 16.Qe2 Nxd2 17.Qxd2 O-O-O 18.Qxd4 Rxd4 19.Nc3 a6 1/2-1/2

[Event "41st Pan-American U20"]
[Site "Guatape COL"]
[Date "2016.06.25"]
[Round "9.9"]
[White "Vasquez, Guillermo"]
[Black "Rengifo Blancas, Renzo Jhonath"]
[Result "1-0"]
[WhiteElo "2401"]
[BlackElo "2140"]
[EventDate "2016.06.20"]
[PlyCount "77"]

1.e4 e5 2.Nf3 Nc6 3.Bb5 a6 4.Ba4 Nf6 5.Qe2 b5 6.Bb3 Be7 7.c3 O-O 8.d4 d6 
9.O-O Bg4 10.Rd1 Qc8 11.Be3 Na5 12.Bc2 c5 13.d5 Ne8 14.h3 Bh5 15.Nbd2 Bg6 
16.g4 Nf6 17.Nh4 Nd7 18.Nf5 Bxf5 19.gxf5 g5 20.Kh1 f6 21.Rg1 Rf7 22.h4 h6 
23.Rg3 Rg7 24.Rag1 Qe8 25.Qd1 Nb6 26.b3 Bd8 27.Bd3 c4 28.Be2 cxb3 29.axb3 
Nb7 30.Bh5 Qd7 31.Bg6 a5 32.Qh5 a4 33.Qxh6 a3 34.hxg5 a2 35.gxf6 Bxf6 36.
Bh7+ Kh8 37.Qxf6 a1=Q 38.Rxg7 Qxg1+ 39.Rxg1+ 1-0

[Event "41st Pan-American U20"]
[Site "Guatape COL"]
[Date "2016.06.25"]
[Round "9.10"]
[White "Ampie, Mauro"]
[Black "Noboa, Kevin"]
[Result "1-0"]
[WhiteElo "2373"]
[BlackElo "2201"]
[EventDate "2016.06.20"]
[PlyCount "88"]

1.e4 e6 2.Nc3 d5 3.d4 Nf6 4.Bg5 Be7 5.e5 Nfd7 6.Bxe7 Qxe7 7.f4 O-O 8.Nf3 
c5 9.dxc5 Nc6 10.Qd2 Nxc5 11.O-O-O a6 12.Ne2 Bd7 13.Ned4 Ne4 14.Qe3 f5 15.
exf6 Qxf6 16.g3 Be8 17.Bd3 Nxd4 18.Nxd4 Bg6 19.Nf3 Nd6 20.Rhe1 Bxd3 21.
cxd3 Rfe8 22.Kb1 Rac8 23.Rc1 Rc6 24.Ne5 Rxc1+ 25.Rxc1 Qh6 26.Qb6 Nf7 27.
Nxf7 Kxf7 28.Qxb7+ Re7 29.Rc7 Rxc7 30.Qxc7+ Kf6 31.Qe5+ Kf7 32.h4 Qg6 33.
Qe3 Qg4 34.Kc2 Qh3 35.Qf2 Qh1 36.a4 d4 37.Qxd4 Qg2+ 38.Kb3 Qxg3 39.Qa7+ 
Kf6 40.Qxa6 Qxf4 41.Qc4 g5 42.Qxf4+ gxf4 43.Kc2 Kf5 44.Kd2 e5 1-0

[Event "41st Pan-American U20"]
[Site "Guatape COL"]
[Date "2016.06.25"]
[Round "9.11"]
[White "Blandon, Luis Guillermo"]
[Black "Obando Guzman, Soren Federico"]
[Result "1-0"]
[WhiteElo "2260"]
[BlackElo "1992"]
[EventDate "2016.06.20"]
[PlyCount "101"]

1.e4 c5 2.Nf3 d6 3.d4 cxd4 4.Nxd4 Nf6 5.Nc3 a6 6.Bg5 Nc6 7.Qd2 e6 8.O-O-O 
Bd7 9.f4 h6 10.Bh4 g5 11.fxg5 Ng4 12.Kb1 Be7 13.Nf3 Nge5 14.Bg3 hxg5 15.
Be2 b5 16.Bxb5 axb5 17.Nxb5 Qa5 18.Qxa5 Rxa5 19.Nxd6+ Bxd6 20.Rxd6 Nxf3 
21.gxf3 Ke7 22.Rhd1 Rd8 23.Bf2 Rb5 24.a4 Rb7 25.Bc5 Ke8 26.Kc1 Ra8 27.b3 
Ne5 28.Bd4 f6 29.Bxe5 fxe5 30.Rg1 Ke7 31.Rd2 Rf8 32.Rxg5 Rxf3 33.Rxe5 Bc6 
34.Rd4 Rh3 35.Rc5 Bd7 36.Rg5 Rxh2 37.Rg7+ Ke8 38.a5 Bc6 39.Rg8+ Kf7 40.Rc8
Bd7 41.Rc5 Rh8 42.Kb2 Ke7 43.Ka3 Rh1 44.Kb2 Rh8 45.b4 Rhb8 46.Ka3 Rb5 47.
Rxb5 Rxb5 48.c4 Re5 49.b5 Kd8 50.a6 Kc8 51.Rxd7 1-0

[Event "41st Pan-American U20"]
[Site "Guatape COL"]
[Date "2016.06.25"]
[Round "9.12"]
[White "Tapia, Alexei"]
[Black "Gonzalez Lopez, Nicolas Mateo"]
[Result "1/2-1/2"]
[WhiteElo "2204"]
[BlackElo "2100"]
[EventDate "2016.06.20"]
[PlyCount "23"]

1.Nf3 Nf6 2.g3 g6 3.b3 Bg7 4.Bb2 O-O 5.Bg2 d6 6.d4 e5 7.dxe5 Nfd7 8.O-O 
Nc6 9.Nbd2 Ndxe5 10.Nxe5 Nxe5 11.Qc1 Rb8 12.Nf3 1/2-1/2

[Event "41st Pan-American U20"]
[Site "Guatape COL"]
[Date "2016.06.25"]
[Round "9.13"]
[White "Ruiz Castillo, Joshua Daniel"]
[Black "Quinonez Garcia, Santiago"]
[Result "0-1"]
[WhiteElo "2399"]
[BlackElo "2125"]
[EventDate "2016.06.20"]
[PlyCount "146"]

1.e4 c5 2.Nf3 g6 3.d4 cxd4 4.Nxd4 Nc6 5.Nc3 Bg7 6.Be3 Nf6 7.Bc4 Qa5 8.O-O 
O-O 9.Bb3 d6 10.h3 Bd7 11.f4 Nxd4 12.Bxd4 Bc6 13.Qd3 Rad8 14.Nd5 Bxd5 15.
exd5 Nd7 16.Bxg7 Kxg7 17.Rae1 Rfe8 18.Re2 Nf6 19.Rfe1 Rd7 20.g4 Qc5+ 21.
Kh2 b5 22.a4 a6 23.axb5 axb5 24.Qd2 Kf8 25.f5 Ra7 26.g5 Nd7 27.Qf4 Ne5 28.
Kg3 Kg8 29.h4 Qc8 30.h5 Qxf5 31.Qxf5 gxf5 32.Kf4 Rea8 33.Rd1 Ra1 34.Ree1 
Rxd1 35.Rxd1 h6 36.gxh6 Kh7 37.Rg1 Kxh6 38.Kxf5 Nf3 39.Rg3 Ne5 40.Rc3 Ra1 
41.Rc7 Rf1+ 42.Ke4 Re1+ 43.Kf4 Kxh5 44.Rb7 Ng6+ 45.Kf3 Rb1 46.Rxb5 Rxb2 
47.Rb7 Rb1 48.Rc7 Kg5 49.Kf2 Kf4 50.Ba4 Ke5 51.c4 Kd4 52.Be8 Rb8 53.Bd7 
Rb2+ 54.Kg3 Rc2 55.Bb5 Rc1 56.Kf2 Rc2+ 57.Ke1 Ke5 58.Be8 Kf6 59.Kd1 Rh2 
60.c5 dxc5 61.Rc6+ Kg7 62.Rxc5 Rh8 63.Bb5 Rd8 64.Bc4 Ne5 65.Bb3 Kf6 66.Rb5
Nd7 67.Ke2 Rb8 68.Rxb8 Nxb8 69.Ke3 Ke5 70.Kd3 Nd7 71.Kc4 f5 72.Kb5 f4 73.
Kc6 Nf6 0-1

[Event "41st Pan-American U20"]
[Site "Guatape COL"]
[Date "2016.06.25"]
[Round "9.14"]
[White "Squella Lavin, Carlos Felipe"]
[Black "Heinechen, Juan"]
[Result "1-0"]
[WhiteElo "2221"]
[BlackElo "2080"]
[EventDate "2016.06.20"]
[PlyCount "149"]

1.d4 Nf6 2.c4 c5 3.d5 e6 4.Nc3 exd5 5.cxd5 d6 6.Nf3 g6 7.Qa4+ Nbd7 8.Bf4 
Qb6 9.Rb1 Bg7 10.Nb5 O-O 11.Bxd6 Re8 12.Bc7 Qa6 13.Qxa6 bxa6 14.Nd6 Rf8 
15.Rd1 Nb6 16.Nxc8 Nbxd5 17.Ne7+ Nxe7 18.Bd6 Rfe8 19.Bxc5 Nc6 20.e3 Ne4 
21.Bd4 Nxd4 22.Nxd4 Rab8 23.b3 Nc3 24.Rd2 Nxa2 25.Bc4 Nb4 26.O-O Rbd8 27.
Rfd1 Bf6 28.Nf3 Kg7 29.Rd7 Rxd7 30.Rxd7 Re7 31.Rd6 Rc7 32.g4 Be7 33.Rd1 h6
34.h4 a5 35.Ra1 Nc6 36.Bd5 Nb4 37.Rxa5 Rc5 38.Rxc5 Bxc5 39.Be4 Na2 40.Kg2 
Nc3 41.Bc6 Kf6 42.g5+ hxg5 43.hxg5+ Ke6 44.Kg3 a5 45.Nd2 Kd6 46.Bf3 a4 47.
bxa4 Nxa4 48.Ne4+ Ke5 49.Bg2 Ba7 50.f4+ Ke6 51.Kf3 Nb2 52.Bh3+ Ke7 53.Nf6 
Nc4 54.e4 Na5 55.Bf1 Nc6 56.Bc4 Nd8 57.Kg4 Bd4 58.Nd5+ Kf8 59.Bb5 Kg7 60.
Nc7 Bb2 61.Bc4 Kf8 62.Bd5 Bc3 63.Nb5 Bb4 64.f5 gxf5+ 65.Kxf5 Kg7 66.Nd4 
Bd2 67.Ne2 Ne6 68.Bxe6 fxe6+ 69.Kg4 Be3 70.Kh5 Kf7 71.Kh6 Bd2 72.Ng1 Bc1 
73.Nf3 Bf4 74.e5 Bc1 75.Kh7 1-0

[Event "41st Pan-American U20"]
[Site "Guatape COL"]
[Date "2016.06.25"]
[Round "9.15"]
[White "Cofre Archibold, Nestor"]
[Black "Rosero, Jefferson"]
[Result "1-0"]
[WhiteElo "2215"]
[BlackElo "2090"]
[EventDate "2016.06.20"]
[PlyCount "57"]

1.e4 c5 2.Nf3 d6 3.d4 cxd4 4.Nxd4 Nf6 5.Nc3 g6 6.Be3 Bg7 7.f3 Nc6 8.Qd2 
Bd7 9.g4 h5 10.g5 Nh7 11.h4 Nf8 12.Bc4 Ne5 13.Bb3 Ne6 14.O-O-O Nxd4 15.
Bxd4 O-O 16.Rhf1 Rc8 17.f4 Nc4 18.Bxc4 Rxc4 19.Bxg7 Kxg7 20.f5 Qa5 21.f6+ 
Kg8 22.fxe7 Rfc8 23.Qd5 Qxd5 24.Rxd5 Bh3 25.Rxd6 Re8 26.Rd8 Rc8 27.Rfd1 
Kg7 28.Rxc8 Bxc8 29.Rd8 1-0

[Event "41st Pan-American U20"]
[Site "Guatape COL"]
[Date "2016.06.25"]
[Round "9.18"]
[White "Salcedo, Pablo Esteban"]
[Black "Calero, Hector Andres"]
[Result "1/2-1/2"]
[WhiteElo "2035"]
[BlackElo "1845"]
[EventDate "2016.06.20"]
[PlyCount "53"]

1.d4 Nf6 2.c4 g6 3.Nf3 Bg7 4.g3 O-O 5.Bg2 d6 6.O-O Nc6 7.Nc3 a6 8.d5 Na5 
9.b3 c5 10.dxc6 Nxc6 11.Bb2 Be6 12.Nd4 Nxd4 13.Qxd4 Nd5 14.Qd2 Nxc3 15.
Bxc3 Bxc3 16.Qxc3 Qc7 17.Rac1 Rac8 18.Qd2 Qb8 19.Qg5 b5 20.Bd5 Bxd5 21.
cxd5 Qb7 22.e4 Rfd8 23.Qe3 Rd7 24.Rxc8+ Qxc8 25.Rc1 Rc7 26.Rxc7 Qxc7 27.
Qd2 1/2-1/2

[Event "41st Pan-American U20"]
[Site "Guatape COL"]
[Date "2016.06.25"]
[Round "9.19"]
[White "Bejar Caceres, Brayan"]
[Black "Soto, Miguel Angel"]
[Result "1/2-1/2"]
[WhiteElo "1957"]
[BlackElo "1972"]
[EventDate "2016.06.20"]
[PlyCount "117"]

1.e4 c5 2.Nf3 d6 3.c3 Nf6 4.Be2 g6 5.O-O Bg7 6.Bb5+ Bd7 7.Bxd7+ Qxd7 8.Re1
Nc6 9.d4 cxd4 10.cxd4 O-O 11.Nc3 Rfe8 12.Bf4 e5 13.dxe5 dxe5 14.Bg5 Qe6 
15.Bxf6 Bxf6 16.Nd5 Rad8 17.Qa4 Rf8 18.Rac1 Bg7 19.Qb3 Rd7 20.Red1 Nd4 21.
Qc4 h6 22.Nd2 Kh8 23.Nb3 b6 24.f3 f5 25.Nxd4 exd4 26.Nf4 Qf6 27.e5 Qg5 28.
Rxd4 Rxd4 29.Qxd4 Rd8 30.Qe3 Bf8 31.h4 Bc5 32.Qxc5 Qxf4 33.Qc3 Qxh4 34.e6+
Kg8 35.Qe5 Qe7 36.g3 Qg7 37.Qxg7+ Kxg7 38.Rc7+ Kf6 39.e7 Re8 40.Rxa7 Rxe7 
41.Ra6 Re6 42.a4 Kg5 43.a5 Re1+ 44.Kf2 Ra1 45.f4+ Kh5 46.b4 bxa5 47.Rxa5 
Rb1 48.Rb5 Kg4 49.Rb6 g5 50.Rxh6 gxf4 51.Rh4+ Kg5 52.Rxf4 Rb2+ 53.Kf3 Rb3+
54.Kg2 Rb2+ 55.Kh3 Rb3 56.Rc4 Rb2 57.Rd4 Rb3 58.Kg2 Rb2+ 59.Kf3 1/2-1/2

[Event "41st Pan-American U20"]
[Site "Guatape COL"]
[Date "2016.06.25"]
[Round "9.20"]
[White "Fernandez, Nelson Wilfredo"]
[Black "Olarte Parra, Jhoan Sebastian"]
[Result "0-1"]
[WhiteElo "1814"]
[BlackElo "2001"]
[EventDate "2016.06.20"]
[PlyCount "66"]

1.e4 c6 2.d4 d5 3.exd5 Qxd5 4.c4 Qd8 5.Nc3 Nf6 6.Nf3 Bg4 7.Be2 e6 8.O-O 
Bd6 9.Be3 Qc7 10.h3 Bh5 11.Rc1 Nbd7 12.Qd2 O-O 13.a3 Rad8 14.b4 Qb8 15.
Rfd1 e5 16.c5 exd4 17.Qxd4 Bc7 18.Qh4 Rfe8 19.Rd2 Bxf3 20.Bxf3 Ne5 21.Be2 
Rxd2 22.Bxd2 Ng6 23.Qc4 Bf4 24.Bxf4 Nxf4 25.Rd1 Qe5 26.Bf3 h5 27.a4 g5 28.
Qd4 Qf5 29.Qd2 Nxh3+ 30.Kf1 Nf4 31.g3 Qh3+ 32.Kg1 Ng4 33.gxf4 Qxf3 0-1

[Event "41st Pan-American U20"]
[Site "Guatape COL"]
[Date "2016.06.25"]
[Round "9.22"]
[White "Castano Orrego, Simon"]
[Black "Yepez, Yeison Alexander"]
[Result "0-1"]
[WhiteElo "1687"]
[BlackElo "1968"]
[EventDate "2016.06.20"]
[PlyCount "50"]

1.e4 c5 2.Nf3 d6 3.d4 cxd4 4.Nxd4 Nf6 5.Nc3 a6 6.a4 e6 7.Be2 Be7 8.O-O Qc7
9.Be3 b6 10.f3 O-O 11.Qe1 Nbd7 12.Rb1 Bb7 13.Bd3 Ne5 14.b4 Nc4 15.Bf2 Rac8
16.Nde2 Ne5 17.b5 a5 18.Bd4 Ned7 19.f4 e5 20.Be3 Nc5 21.Bxc5 dxc5 22.Qg3 
c4 23.fxe5 cxd3 24.exf6 Bxf6 25.cxd3 Qxg3 0-1

[Event "41st Pan-American U20"]
[Site "Guatape COL"]
[Date "2016.06.25"]
[Round "9.24"]
[White "Perez Lujan, Mateo"]
[Black "Acevedo Del Rio, Andres F"]
[Result "1-0"]
[WhiteElo "1851"]
[BlackElo "1835"]
[EventDate "2016.06.20"]
[PlyCount "73"]

1.Nf3 e6 2.Ng1 e5 3.c4 Nf6 4.d3 d5 5.cxd5 Nxd5 6.Nf3 Nc6 7.g3 Be6 8.Bg2 f6
9.O-O Qd7 10.Nc3 O-O-O 11.Bd2 Kb8 12.Rc1 g5 13.a3 Bh3 14.Nxd5 Bxg2 15.Nxf6
Qe6 16.Kxg2 g4 17.Nxg4 Qxg4 18.Rxc6 bxc6 19.Nxe5 Qe6 20.Bc3 Rg8 21.Qa4 Rd6
22.Bd4 c5 23.Qb5+ Ka8 24.Qxc5 Qd5+ 25.Qxd5+ Rxd5 26.Bc3 Bg7 27.f4 Rb5 28.
Kf3 c5 29.Rc1 h5 30.Nc4 h4 31.g4 Rb7 32.h3 Re7 33.Bxg7 Rexg7 34.Ne5 Rb7 
35.Rxc5 Rxb2 36.Nc4 Rc2 37.Nb6+ 1-0

[Event "41st Pan-American U20"]
[Site "Guatape COL"]
[Date "2016.06.25"]
[Round "9.25"]
[White "Correa, Daniel"]
[Black "Gomez Morales, Juan Sebastian"]
[Result "0-1"]
[WhiteElo "1716"]
[BlackElo "1729"]
[EventDate "2016.06.20"]
[PlyCount "56"]

1.d4 Nf6 2.c4 e6 3.Nc3 Bb4 4.Qc2 b6 5.Bd2 Bb7 6.a3 Bxc3 7.Bxc3 O-O 8.f3 d5
9.e3 Nbd7 10.Bd3 dxc4 11.Bxc4 Nd5 12.Qf2 c5 13.Ne2 Qg5 14.Bd2 Qg6 15.e4 
Nc7 16.O-O cxd4 17.Nxd4 Ne5 18.Be2 Rfd8 19.Bf4 Qf6 20.Qg3 Ng6 21.Bxc7 
Qxd4+ 22.Kh1 Rdc8 23.Bb5 Qc5 24.Rac1 Qxb5 25.h4 e5 26.Rfd1 Qxb2 27.Qg5 h6 
28.Qd2 Qxa3 0-1